Elkészült, de nem járható a bősi körforgalom

Bibliographic Details
Main Author: Bartalos, Éva (Author)
Format: Article
Language:Hungarian
PhysicalDescription:Fotogr.
ISSN:1335-7050
Subjects:

MARC

LEADER 00000nab a2200000 a 4500
001 vtls011714569
003 SK-MaSNL
005 20260318132652.0
008 171010c20171010xo d| | 00 0|2hun
015 |a SNBRB2017/10 
038 |a DSZK 
040 |a DSZK  |b slo  |c DSZK  |e AACR2 
041 0 |a hun 
044 |a xo  |c SK 
080 |a 625.712.44  |x (437.612)  |2 2011 
100 1 |a Bartalos, Éva  |4 aut  |9 1086614 
245 1 0 |a Elkészült, de nem járható a bősi körforgalom  |c Bartalos Éva 
300 |b Fotogr. 
650 0 7 |a kruhové objazdy  |2 dszk  |9 1043032 
651 7 |a Gabčíkovo (Slovensko)  |2 SNKPH  |9 23512 
773 0 |t Új szó  |g Évf. 70, sz. 233 (2017.10.10), o. 5  |x 1335-7050 
852 |a DSZK  |b KIS3GCP 
958 |a HU 
958 |a SK 
999 |c 2075111  |d 2077041